000 01075nam a22003617a 4500
001 0032093
003 KOHA_MİRAKIL
005 20260207002818.0
007 ta
008 110823b2010 tu a|||gr||||#||||0|tur |
020 _a9786053951124
020 _c9,67
040 _aTR-BiSEU
_btur
_cTR-BiSEU
_erda
041 0 _atur
044 _ctu
050 _aH62
_b.A95 2010
100 1 _aAziz, Aysel.
245 1 _aSosyal bilimlerde araştırma yöntemleri ve teknikleri/
_cAysel Aziz ; Aysel Aziz.
264 1 _aAnkara :
_bNobel
_c2010
300 _aXXI, 238 sayfa :
_bresimli ;
_c20 cm.
336 _ametin
_btxt
_2rdacontent
337 _aaracısız
_bn
_2rdamedia
338 _acilt
_bnc
_2rdacarrier
490 1 _aNobel yayın no ;
_v1315.
490 1 _aSosyal bilimler ;
_v76
500 _aDizin var.
500 _aKaynakça var.
650 0 _aSocial sciences--Methodology.
_923126
650 0 _aSocial sciences--Research--Methodology.
_919011
830 1 _aNobel yayın no ;
_v1315.
_91940
830 1 _aSosyal bilimler ;
_v76
_939747
942 _2lcc
_cBK
999 _c32004
_d32004